| 000 | 00866nas a2200289 4500 | ||
|---|---|---|---|
| 001 | BR0807551 | ||
| 003 | BR-BrBNA | ||
| 005 | 20231205112709.0 | ||
| 007 | ta | ||
| 008 | 230509b bl.|||p| |||| 00| 00por d | ||
| 040 |
_aBR-BrBNA _bpor _cBiblioteca Nacional de Agricultura |
||
| 041 | _a(Pt) | ||
| 072 | _aF03 | ||
| 100 | 1 | _aNery, F.C. | |
| 100 | 1 | _aAlvarenga, A.A. de | |
| 100 | 1 | _aJusto, C.F. | |
| 100 | 1 | _aDousseau, S. | |
| 100 | 1 | _aVieira, C.V. | |
| 245 | 1 | _aEfeito da temperatura e do tegumento na germinação de sementes de Calophyllum brasiliense | |
| 650 | _aARVORE ANGIOSPERMA | ||
| 650 | _aJACAREÚBA | ||
| 650 | _aGERMINAÇÃO | ||
| 650 | _aSEMENTE | ||
| 773 | 0 |
_tCiência e Agrotecnologia (Brazil) _xISSN 1413-7054 _g(Nov-Dec 2007), v. 31(6) p. 1872-1877 _wBR0807551 |
|
| 909 |
_a202311 _bLúcia _c55 _dLúcia Elande |
||
| 942 |
_2AGRIS _n0 _cANA |
||
| 999 |
_c199435 _d199435 |
||